Slovník spisovatelů anglická literatura, africké literatury v angličtině, australská literatura, indická literatura v angličtině, irská literatura, kanadská literatura v angličtině, karibská literatura v angličtině, novozélandská literatura, skotská literatura, waleská literatúra

Bibliographic Details
Format: Book
Language:Czech
PhysicalDescription:756 s. 20 cm
Published: Praha Libri 1996
ISBN:8085983044
Subjects:

MARC

LEADER 00000nam a2200000 a 4500
001 vtls001221741
003 SK-MaSNL
005 20260301112607.0
008 251124s1996 xr e d d 0 cze
020 |a 8085983044  |c [265,00] 
035 |a SNK000166968 
040 |a SNK  |b slo  |c SNK  |e AACR2 
044 |a xr  |c CZ 
080 |a 929:82(100)(03)=850  |2 1981 
080 |a 03:929:82(100)=850  |2 1981 
245 1 |a Slovník spisovatelů  |b anglická literatura, africké literatury v angličtině, australská literatura, indická literatura v angličtině, irská literatura, kanadská literatura v angličtině, karibská literatura v angličtině, novozélandská literatura, skotská literatura, waleská literatúra 
260 |a Praha  |b Libri  |c 1996 
300 |a 756 s.  |c 20 cm 
650 0 7 |a spisovatelia svetoví  |x život a dielo  |x lexikóny české  |2 SNK  |9 453543 
650 0 7 |a lexikóny literárne české  |2 SNK  |9 453544 
700 1 |a Vaško, Imrich,  |d 1936-2010  |4 dnr  |9 206049 
919 |a 80-85983-04-4 
999 |c 710985  |d 712915 
952 |t P60, <04>, [BOOK], {604}  |a SNK  |b SNK  |y VYP  |7 0  |p 17A0009453  |o snkID 95876  |i snkZK 1494/96  |0 0  |1 0  |4 0  |d 1996-09-12  |l 0  |r 2005-01-01 00:00:00  |w 2026-02-23 
952 |t P60, <04>, [BOOK], {604}  |a SNK  |b SNK  |y VYP  |7 0  |p 17A0222706  |o snkID 95876 D1  |i snkK 1387/99  |0 0  |1 1  |4 0  |d 1999-12-21  |l 0  |r 2005-01-01 00:00:00  |w 2026-02-23 
952 |t snkSPI/1 82(031)  |a SNKUST  |b SNKUST  |y PREZ  |7 0  |p 17A0201905  |o snkSPI/1 82(031)  |i snkOKIS 233/10   |0 0  |1 0  |4 0  |d 2001-02-05  |l 0  |r 2025-04-29 00:00:00  |w 2026-02-23